00317nam a2200121Ia 4500008004100000041000800041082001600049100001300065245004500078260003200123300003300155365000700188240624s9999 xx 000 0 und d aeng a658.406 TID aTIDD JOE aMANAGING INNOVATION INTERGRATING TECHNOL c2006aNew DelhibJohn Wiley axviii, : 582 : p. : cm. ; 24 cRS